| 000 | 00426nam a22001817a 4500 | ||
|---|---|---|---|
| 003 | OSt | ||
| 008 | 230522b |||||||| |||| 00| 0 eng d | ||
| 041 | _aeng | ||
| 082 |
_a630.1076 _bUJJ/QU |
||
| 100 | _aUjjwal, P.S | ||
| 100 |
_aSingh, Sweta _95465 |
||
| 100 |
_aSingh, B.R _95466 |
||
| 245 | _aQuestion bank on Agricultural engineering | ||
| 250 | _I1 | ||
| 260 |
_aDelhi _ANarendra _c2021 |
||
| 300 | _a571 | ||
| 942 | _cBK | ||
| 999 |
_c17699 _d17699 |
||